000 00410nam a2200145Ia 4500
008 210210b2000 xxu||||| |||| 00| 0 eng d
020 _a81 7371 281 6
082 _a001.64404 NAUB
100 _aNAUGHTON (John).
245 _aBrief history of the future: the origins of the internet.
260 _aHyderabad
_bUniversities Press
_c2000
300 _axv,320
690 _aComputer Networks
906 _aSG03657
999 _c114286
_d114286